| 000 | 00545nam a22001937a 4500 | ||
|---|---|---|---|
| 003 | OSt | ||
| 005 | 20170301155000.0 | ||
| 008 | 170301b xxu||||| |||| 00| 0 eng d | ||
| 020 | _a 0521004004 | ||
| 040 | _cDDC | ||
| 082 | _a530.4NEL 2002. | ||
| 100 |
_aNelson,R.David; _911726 |
||
| 245 | _aDefects and geometry in Condensed Matter Physics. | ||
| 260 |
_aCambridge ; _bCambridge University Press. _c2002, |
||
| 300 |
_axiii,377p; _bill; _c24cm. |
||
| 504 | _aincludes references and index. | ||
| 650 |
_aPhysics. _9809 |
||
| 942 |
_2ddc _cO_SHELF |
||
| 999 |
_c5615 _d5615 |
||